000 00904cab a2200253 4500
001 E84225
008 090401t1996 xxu||||| |||| 00| 0 eng d
035 _a(Sirsi) u78617
041 _aeng
245 _aAtkinson v Dupres and another
260 _c1996
350 _a0
490 _aScottish Land Court Reports
_v1996 SLCR 20-31(12)
520 _aDivisional Court. Application Orkney RN47 - order of 2 August 1996. Croft - access - competency - disrupted servitudee right as a question of heritable title outwith the court`s jurisdictin - Crofters (Scotland) Act 1993, s.53(1).
650 _aCROFTERS (SCOTLAND) ACT 1993
650 _aCROFTERS (SCOTLAND) ACT 1993, S.53(1)
650 _aCROFTING
650 _aDISRUPTED SERVITUDE
650 _aSCOTTISH LAND COURT
650 _aSLC
690 _aLANDLORD AND TENANT-CASE LAW-AGRICULTURAL TENANCIES
942 _n0
948 _c29/05/1997
999 _c49440
_d49440